01772nam a22002057a 450000500170000000700150001700800410003202000220007303500100009504000090010524501030011425600240021726000570024130000280029850008430032650602700116965000480143974000380148785600410152520240305165612.0cr|||| |||| 210818s2021 eu |||||s|||| 00||0 eng d a978-92-76-27730-9 a34291 avLex00aGuidance document on wind energy developments and EU nature legislationh[Recurso electrónico] / aServicio en línea aBruselas:bEuropean Union Publications Office,c2021 a1 recurso electrónico aThis document provides an update of the 2011 Commission guidance on wind energy and Natura 2000, as planned in the action plan for nature, people and the economy. An update of the guidance was considered necessary as EU policy and legislation on renewable energy and wind energy technology (especially at sea) has developed greatly since the guidance was first issued. In step with these developments, knowledge on the impacts of wind energy on biodiversity as well as good practice for addressing these impacts has also expanded significantly. In view of further drastic expansion of wind energy in the context of tackling climate change on the one hand and growing pressures on biodiversity on the other hand, guidance based on most recent insights and good practices on reconciling the respective policy goals and targets is essential.1 aDisponible solo en los productos indicadosdvLex GlobaldvLex Global (Academic Edition, excluding Law Schools)dvLex Global (U.S. Academic Edition, Law Schools)dvLex Global (U.S. Academic Edition, excluding Law Schools)dvLex Global (Academic Edition, Law Schools)04aDerecho del Medio AmbientezUnión Europea0 avLex Libros (Servicio en línea)40uhttps://app.vlex.com/#/sources/34291